|
|
|
|
| LEADER |
03211nam a2200793 4500 |
| 001 |
ocn841559054 |
| 003 |
OCoLC |
| 005 |
20170124070414.4 |
| 006 |
m o d |
| 007 |
cr ||||||||||| |
| 008 |
130430s2013 enk ob 001 0 eng |
| 010 |
|
|
|a 2013017691
|
| 040 |
|
|
|a DLC
|b eng
|e rda
|e pn
|c DLC
|d N$T
|d CUS
|d IDEBK
|d DG1
|d RECBK
|d YDXCP
|d OCLCF
|d ORU
|d E7B
|d AU@
|d DEBBG
|d EBLCP
|d OCLCQ
|d OCLCO
|d OCLCQ
|d GrThAP
|
| 019 |
|
|
|a 855905826
|a 858968197
|a 861536652
|a 862997169
|a 965517728
|a 965519003
|a 965529379
|a 965793122
|
| 020 |
|
|
|a 9781118378755
|q (MobiPocket)
|
| 020 |
|
|
|a 111837875X
|q (MobiPocket)
|
| 020 |
|
|
|a 9781118378762
|q (Adobe PDF)
|
| 020 |
|
|
|a 1118378768
|q (Adobe PDF)
|
| 020 |
|
|
|a 9781118378779
|q (ePub)
|
| 020 |
|
|
|a 1118378776
|q (ePub)
|
| 020 |
|
|
|a 9781118378748
|q (electronic bk.)
|
| 020 |
|
|
|a 1299907601
|q (electronic bk.)
|
| 020 |
|
|
|a 9781299907607
|q (electronic bk.)
|
| 020 |
|
|
|a 1118378741
|q (electronic bk.)
|
| 020 |
|
|
|z 9781405183512
|q (cloth)
|
| 020 |
|
|
|z 9781405183505
|q (pbk.)
|
| 020 |
|
|
|z 1405183500
|q (pbk.)
|
| 020 |
|
|
|z 1405183519
|q (cloth)
|
| 029 |
1 |
|
|a AU@
|b 000050949253
|
| 029 |
1 |
|
|a AU@
|b 000053337282
|
| 029 |
1 |
|
|a CHNEW
|b 000634648
|
| 029 |
1 |
|
|a DEBBG
|b BV041908128
|
| 029 |
1 |
|
|a NZ1
|b 15341541
|
| 029 |
1 |
|
|a AU@
|b 000058396039
|
| 029 |
1 |
|
|a DEBBG
|b BV043395804
|
| 035 |
|
|
|a (OCoLC)841559054
|z (OCoLC)855905826
|z (OCoLC)858968197
|z (OCoLC)861536652
|z (OCoLC)862997169
|z (OCoLC)965517728
|z (OCoLC)965519003
|z (OCoLC)965529379
|z (OCoLC)965793122
|
| 037 |
|
|
|a 522011
|b MIL
|
| 042 |
|
|
|a pcc
|
| 043 |
|
|
|a e-uk---
|
| 050 |
0 |
0 |
|a HQ1381
|
| 072 |
|
7 |
|a POL
|x 027000
|2 bisacsh
|
| 072 |
|
7 |
|a POL
|x 019000
|2 bisacsh
|
| 082 |
0 |
0 |
|a 362.83/9857
|2 23
|
| 049 |
|
|
|a MAIN
|
| 100 |
1 |
|
|a Bullock, Heather E.
|
| 245 |
1 |
0 |
|a Women and poverty :
|b psychology, public policy, and social justice /
|c Heather E. Bullock.
|
| 264 |
|
1 |
|a Chichester, West Sussex :
|b John Wiley & Sons Inc.,
|c 2013.
|
| 300 |
|
|
|a 1 online resource.
|
| 336 |
|
|
|a text
|b txt
|2 rdacontent
|
| 337 |
|
|
|a computer
|b c
|2 rdamedia
|
| 338 |
|
|
|a online resource
|b cr
|2 rdacarrier
|
| 490 |
1 |
|
|a Contemporary social issues
|
| 504 |
|
|
|a Includes bibliographical references and index.
|
| 588 |
0 |
|
|a Print version record and CIP data provided by publisher; resource not viewed.
|
| 650 |
|
0 |
|a Poor women
|x Social conditions.
|
| 650 |
|
0 |
|a Poverty.
|
| 650 |
|
0 |
|a Women
|x Economic conditions.
|
| 650 |
|
0 |
|a Women
|x Social conditions.
|
| 650 |
|
7 |
|a POLITICAL SCIENCE
|x Public Policy
|x Social Security.
|2 bisacsh
|
| 650 |
|
7 |
|a POLITICAL SCIENCE
|x Public Policy
|x Social Services & Welfare.
|2 bisacsh
|
| 650 |
|
7 |
|a Poor women
|x Social conditions.
|2 fast
|0 (OCoLC)fst01071247
|
| 650 |
|
7 |
|a Poverty.
|2 fast
|0 (OCoLC)fst01074093
|
| 650 |
|
7 |
|a Women
|x Economic conditions.
|2 fast
|0 (OCoLC)fst01176665
|
| 650 |
|
7 |
|a Women
|x Social conditions.
|2 fast
|0 (OCoLC)fst01176947
|
| 655 |
|
4 |
|a Electronic books.
|
| 776 |
0 |
8 |
|i Print version:
|a Bullock, Heather E.
|t Women and poverty.
|d Chichester, West Sussex : John Wiley & Sons Inc., 2013
|z 9781405183512
|w (DLC) 2013016704
|
| 830 |
|
0 |
|a Contemporary social issues (Chichester, England)
|
| 856 |
4 |
0 |
|u https://doi.org/10.1002/9781118378748
|z Full Text via HEAL-Link
|
| 994 |
|
|
|a 92
|b DG1
|